000 00544nam a22002057a 4500
003 OSt
005 20140310183125.0
008 130528t xxu||||| |||| 00| 0 eng d
020 _a9716422229
050 _aDS 668
_b.Z21 2004
082 _aFIL 959.9
_bZ1 2004
245 _aPhilippine History and Government
_cZaide, Gregorio F.
260 _aQuezon City
_bAll-Nations Publishing Co., Inc.
_c2004
300 _a252 p.
_c25 cm
521 _aCollege
526 _c1210L-1700L
541 _j1
562 _e1
942 _2lcc
_cBK
_kFIL
999 _c18999
_d18999